|
|
|
|
| LEADER |
00000naa0a2200000 4500 |
| 001 |
594338 |
| 005 |
20250205163507.0 |
| 029 |
0 |
0 |
|a SU
|b 1327-ХП-87
|f ОНИИТЭХим
|
| 035 |
|
|
|a (RuTPU)RU\TPU\tpu\8884
|
| 035 |
|
|
|a RU\TPU\tpu\8882
|
| 090 |
|
|
|a 594338
|
| 100 |
|
|
|a 20020617d1987 k y0rusy50 ca
|
| 101 |
0 |
|
|a rus
|
| 102 |
|
|
|a RU
|
| 200 |
1 |
|
|a Ионные процессы в электрохромных материалах
|f М. М. Халитов
|
| 320 |
|
|
|a Библиогр.: 45 назв. - Деп. в ОНИИТЭХим г. Черкассы 09.12.87, № 1327-ХП-87.
|
| 463 |
|
|
|t Материалы научно-практической конференции по химии и химическим технологиям, посвященной 70-летию октября (Томск, 24-28 ноября, 1987 г.)
|o Секция "Химии и технологии неорганических веществ"
|v С. 52-69
|d 1987
|
| 610 |
1 |
|
|a труды учёных ТПУ
|
| 700 |
|
1 |
|a Халитов
|b М. М.
|3 (RuTPU)RU\TPU\pers\4119
|
| 801 |
|
2 |
|a RU
|b 63413507
|c 20100205
|g PSBO
|
| 942 |
|
|
|c BK
|